000 00284nam a22001337a 4500
008 181031b xxu||||| |||| 00| 0 eng d
020 _a0023672803
041 _aeng
080 _a341
100 _a15
101 _aSHJ
245 _aThe Nature of Argument
_cKarel
942 _2udc
_cBK
999 _c51362
_d51362